| 000 | 02751nam a2200325 a 4500 | ||
|---|---|---|---|
| 001 | 78023 | ||
| 003 | BD-RjUL | ||
| 005 | 20211209083059.0 | ||
| 008 | 210307s 2006bg ||||| m||| 00| 0 ben d | ||
| 035 | _a(BD-RjUL) 78249 | ||
| 040 |
_aBD-RjUL _bben / eng _cBD-RjUL _dBD-RjUL |
||
| 041 | _aben | ||
| 082 |
_a297.7095492 _bRAB 2006 _223 |
||
| 100 |
_aরহমান, মু. খলিলুর _9245635 |
||
| 245 | 1 | 0 |
_aবাংলায় মুসলমানদের ধর্মীয় সংস্কার আন্দোলনের স্বরূপ (১৭৫৭ - ১৯৪৭) / _cমু. খলিলুর. রহমান. ; _6প্রিন্সিপাল সুপারভাইজার : সৈয়দা. নুরে কাছেদা খাতুন, কো - সুপারভাইজার : মোহাম্মদ. মুহিবউল্যাহ ছিদ্দিকী, |
| 260 |
_aরাজশাহী : _bইসলামের ইতিহাস ও সংস্কৃতি বিভাগ, রাজশাহী বিশ্ববিদ্যালয়, _c২০০৬ |
||
| 300 |
_avii, ১৪৬ পাতা ; _c২৯ সেমি. |
||
| 502 | _aথিসিস (এম. ফিল.) -- ইসলামের ইতিহাস ও সংস্কৃতি বিভাগ, রাজশাহী বিশ্ববিদ্যালয়, ২০০৬ | ||
| 504 | _aনির্বাচিত গ্রন্থপঞ্জি : পাতা [১৩৩]- ১৪৬ | ||
| 600 |
_a _q _x _y _9245769 |
||
| 650 |
_aমুসলিম _xরাজনৈতিক কার্যকলাপ _zভারত _zবঙ্গ _xইতিহাস _y১৭৫৭ - ১৯৪৭ খ্রিষ্টাব্দ _9245764 |
||
| 650 |
_aMuslims _xPolitical activity _zIndia _zBengal _xHistory _y1757-1947 A. D. _9245765 |
||
| 650 |
_aইসলাম ও রাজনীতি _zভারত _zবঙ্গ - _xইতিহাস _y১৭৫৭ - ১৯৪৭ খ্রিষ্টাব্দ _9245766 |
||
| 650 |
_a Islam and politics _zIndia _zBengal _xHistory _y1757-1947 A. D. _9245767 |
||
| 651 |
_aবঙ্গ (ভারত) _xরাজনীতি এবং সরকার _y১৭৫৭ - ১৯৪৭ খ্রিষ্টাব্দ _9245762 |
||
| 651 |
_aBengal (India) _xPolitics and government _y1757-1947 A. D. _9245768 |
||
| 700 |
_aখাতুন,সৈয়দা নুরে কাছেদা. প্রিন্সিপাল সুপারভাইজার _9245638 |
||
| 700 |
_aছিদ্দিকী, মোহাম্মদ মুহিবউল্যাহ, কো - সুপারভাইজার _9245639 |
||
| 942 |
_2ddc _cTHE |
||
| 999 |
_c78023 _d78023 |
||